| 000 | 01422nam a22001697a 4500 | ||
|---|---|---|---|
| 999 |
_c6583 _d6583 |
||
| 003 | GBCCL | ||
| 005 | 20241126110606.0 | ||
| 008 | 180515b ||||| |||| 00| 0 eng d | ||
| 040 | _cgbc | ||
| 082 |
_a248.240922 _bFRO |
||
| 245 |
_aFrom darkness to light : _btwenty testimonies to the light of the Gospel / _cCompiled by Merton B. Osborn |
||
| 260 |
_aChicago: _bMoody Press, _c1962 |
||
| 300 |
_a158 p.; _c18 cm. |
||
| 505 | _aThe truly satisfying life / Mark O. Hatfield -- From yoga to Christ / M.G. Satyanadham -- The Mohammedo who really lives again / Alice Daniel -- Transformation of Asog / Dan Ebert -- Dark of the moon / Bob Pierce -- Why didn't your grandfather come? / J. Arthur Mouw -- Buddha couldn't help me / Anonymous -- Apostle of the bleeding feet / James Jauncey -- A completed Jew / Leonard Fromson -- I was a Roman Catholic / Ben Borders James C. Hefley -- My twenty-five years in a false religion / William H. Mastbrook -- Liberty to the captives / Luiz Cardoso -- Born to reproduce / Dawson Trotman -- The story of First Mate Bob / First Mate Bob -- Testimony of a Communist army major / John H. Muller -- The story of David Rowlands, M.D. / David Rowlands -- From darkness to light / Zella Mary Osborn -- Confession of an atheist / Ralph E. Underwood -- Objections overruled! / Allen Mayer Jack Odell -- A Jew and the name of Messiah / Daniel Rose. | ||
| 650 |
_aConverts _99262 |
||
| 942 |
_2ddc _cBK _01 |
||